000 00425nam a2200145Ia 4500
003 OSt
005 20260226095107.0
008 211028s2019 xx 000 0 und d
040 _cAIMIT LIBRARY
041 _aeng
100 _aPoojary, Kiran S; Dias, Beena.
_g1716088
_98066
245 _aStudy on customer retention with special reference to Big Bazaar Udupi /
260 _aMangalore
_bHarinakshi
_c2019
942 _2ddc
_cPRO
999 _c219634
_d219634